Llwytho...
Mithum Yadhardhyavum(Mal)
| Prif Awdur: | |
|---|---|
| Fformat: | Printed Book |
| Cyhoeddwyd: |
P C jossy pusthaka prasadhaka sanghom
1986
|
| Pynciau: |
| LEADER | 00483nam a2200193 4500 | ||
|---|---|---|---|
| 020 | |||
| 082 | |a 08M KOS-M | ||
| 100 | |a Kosambi, D D | ||
| 245 | |a Mithum Yadhardhyavum(Mal) | ||
| 250 | |||
| 260 | |a P C jossy pusthaka prasadhaka sanghom |c 1986 | ||
| 300 | |||
| 490 | |||
| 500 | |||
| 590 | |||
| 650 | |a General collections in Malayalam | ||
| 942 | |c GIF | ||
| 999 | |c 118239 |d 118239 | ||
| 952 | |0 0 |1 0 |4 0 |6 08M_KOSM |7 0 |9 131706 |a ECN |b ECN |l 0 |o 08M KOS-M |p ECNG115 |r 2019-09-25 |w 2019-09-25 |y GIF | ||